Starenka Marienka, pes Vlado a chlapci

Bibliographic Details
Main Author: Jesenský, Zoroslav, 1956- (Author)
Other Authors: Pedović, Aleksandar (Illustrator)
Format: Book
Language:Slovak
PhysicalDescription:24 s. fareb. ilustr. 31 cm
Published: Báčsky Petrovec Kultúra 2006
ISBN:867103299X
Series:Edícia Máj
Subjects:

MARC

LEADER 00000nam a2200000 a 4500
001 vtls008962072
003 SK-MaSNL
005 20260302022940.0
008 251029s2006 yu a b 000 j slo
015 |a SNBZSA2007-00584 
020 |a 867103299X  |q (viaz.) 
035 |a 3C5C5233-BA47-4273-A5CD-60EB271BCD49 
035 |a urn:nbn:sk:snk-amkt6h 
035 |a urn:nbn:sk:snk-am0056mf 
040 |a SNK  |b slo  |c SNK  |e AACR2 
041 0 |a slo 
043 |a e-yu---  |a e-xo--- 
044 |a yu  |c YU 
072 7 |a 821.162.4-3  |x Slovenská próza  |2 konspekt 
072 7 |a 821-93  |x Literatúra pre deti a mládež  |2 konspekt 
080 |a 821.162.4(497.11)-93  |2 2001 
080 |a 821.162.4(497.11)-3  |x (0.053.2)  |2 2001 
100 1 |a Jesenský, Zoroslav,  |d 1956-  |4 aut  |9 102959 
245 1 0 |a Starenka Marienka, pes Vlado a chlapci  |c Zoroslav Jesenský ; ilustroval Aleksandar Pedović 
260 |a Báčsky Petrovec  |b Kultúra  |c 2006 
300 |a 24 s.  |b fareb. ilustr.  |c 31 cm 
490 1 |a Edícia Máj  |v zv. 62 
650 0 7 |a autorské rozprávky  |2 snkph  |9 31369 
650 0 7 |a slovenské rozprávky  |2 snkph  |9 85369 
650 0 7 |a literatúra pre deti  |2 snkph  |9 55721 
700 1 |a Pedović, Aleksandar  |4 ill  |9 337901 
830 0 |a Edícia Máj  |9 409189 
919 |a 86-7103-299-X 
958 |a ZS 
958 |a LX 
958 |a YU 
958 |a DB 
999 |c 1034724  |d 1036654 
952 |a SNK  |b SNK  |y PREZ  |7 0  |p 17A0551488  |o snkSB 74568  |i snk2007/15306  |8 2  |g 4.32  |0 0  |1 0  |4 0  |d 2007-04-05  |f 1  |l 0  |r 2025-04-25 00:00:00  |w 2026-02-24 
952 |a SNK  |b SNK  |y VYP  |7 0  |p 17A0589187  |o snkSB 74568 D1  |i snk2008/10236  |8 0  |0 0  |1 0  |4 0  |d 2008-05-12  |l 0  |r 2016-06-30 00:00:00  |w 2026-02-24